000 00434nam a22001817a 4500
003 koha_MIRAKIL
005 20231213095841.0
008 231213b |||||||| |||| 00| 0 ||| d
020 _b978-9-75362864-8
040 _aTR-IsEVY
_btur
_cTR-IsEVY
082 _aFIC ÖME/D
100 _aÖmer Seyfettin.
245 0 _aDiyet.
260 _bTimaş Yayınları,
_c2014
300 _a95
650 _aGenel Konular.
942 _2ddc
_cBK
999 _c10494
_d10494